Major League Baseball's 30 Teams Trivia - Statistics

General Stats
  • This quiz has been taken 335 times
  • The average score is 15 of 30
Answer Stats
Hint Answer % Correct
The only American League team that has never appeared in a World Series.* Mariners
86%
This team has lost the most number of World Series.* Yankees
81%
The only National League team that has never appeared in a World Series.* Nationals
69%
Other than the Yankees, this is the only team who has won the World Series more than 10 times.* Cardinals
66%
First franchise to win the World Series twice, winning back to back titles in 1907 and 1908. Cubs
66%
Behind two victories from Cy Young, this franchise won the first World Series in 1903 - at the time they were playing under a different nickname. Red Sox
62%
This team lost their first 7 World Series before finally winning in 1955. Dodgers
59%
This team has won the World Series twice in 1997 and 2003 - both times it was the Wild Card team. Marlins
58%
This franchise has won three World Series (1914, 1957,1995) in three different cities. Braves
57%
This team has the longest current championship drought in the American League - not having won a World Series since 1948.* Indians
57%
In 2002, this team became the first Wild Card team from the American League that went on to win the World Series. Angels
55%
Under the leadership of John McGraw, this team became the first National League team to win the World Series in 1905. Giants
53%
This 1993 expansion team won their only National League pennant in 2007. Rockies
53%
Ending 43 seasons of futility, this team captured its one and only National League pennant in 2005. Astros
50%
Second only to the Cubs and their 100 plus years of futility, this team went 87 years between World Series championships. White Sox
47%
The first expansion team to win a World Series (ie. Not a member of the original 16 teams that formed MLB when the Series began in 1903). Mets
46%
This is the only franchise that has never had a pitcher throw a no-hitter in the history of their existence.* Padres
46%
Other than the Yankees, the only team that has won three World Series in a row.* Athletics
45%
Fastest expansion team to win a World Series title - it took them four seasons. Diamondbacks
45%
This team is the only expansion team that has won back to back World Series (ie. Not a member of the original 16 teams that formed MLB when the Series began in 1903). Blue Jays
43%
This team was known as Harvey's Wallbangers in 1982 when they won their only American League pennant. Brewers
42%
This team hosted MLB's first night game on May 24, 1935. Reds
42%
Of the original 16 franchises that were part of MLB when the World Series began in 1903, this team was the last to win a World Series when it finally accomplished the feat in 1966. By that time, it was playing under a different name in a different city. Orioles
40%
The first expansion team from the American League to win a World Series (ie. Not a member of the original 16 teams that formed MLB when the Series began in 1903). Royals
40%
Former home ballparks of this franchise include the Baker Bowl and Shibe Park. Phillies
39%
This team fell victim to a perfect game by Mike Witt of the California Angels, losing 1-0 on the last game of the season in 1984. Rangers
39%
In the span of 12 months from July 23, 2009 to June 25, 2010, this team was a victim of three different no-hitters. Rays
37%
This team was the first winner of the American League West in 1969, only to be swept out of the playoffs by the Baltimore Orioles. Twins
35%
Of teams that have participated in 5 World Series or more, this team has the highest winning percentage at .714.* Pirates
34%
The last American League team to win the pennant before the playoff structure was introduced. Tigers
34%
No matching quizzes found
Score Distribution
Percent of People with Each Score
Percentile by Number Answered
Your Score History
You have not taken this quiz